Online Catalogue and eLibrary

Nayakayek wanna (Record no. 5018)

MARC details
000 -LEADER
fixed length control field 00389nam a2200157Ia 4500
005 - DATE AND TIME OF LATEST TRANSACTION
control field 20250627020000.0
008 - FIXED-LENGTH DATA ELEMENTS--GENERAL INFORMATION
fixed length control field 240331s9999 xx 000 0 und d
020 ## - INTERNATIONAL STANDARD BOOK NUMBER
ISBN 9551387198
082 ## - DDC Classification
Item Number - Author Mark GAM
Class No. 371
100 ## - MAIN ENTRY--PERSONAL NAME
Personal name Gamachchi,L
245 #0 - TITLE STATEMENT
Title Nayakayek wanna
260 ## - PUBLICATION, DISTRIBUTION, ETC.
Place of publication, distribution, etc. Mulleria
Name of publisher, distributor, etc. Wijesuriya Reader's Foundation
Date of publication, distribution, etc. 2006
300 ## - PHYSICAL DESCRIPTION
Extent (e.g. Volumes, Pages etc.) 100 p.,
650 ## - SUBJECT ADDED ENTRY--TOPICAL TERM
Topical term or geographic name entry element Practical Psychology
942 ## - Koha item type (Biblio)
Koha item type Books in Stacks (Lending)
Holdings
Lost status Damaged status Collection code Home library Current library Shelving location Date acquired Full call number Accession Number Item type
    Lending WERC Library WERC Library Social Science Cupboard 03/31/2024 371.148 GAM 6219 Books in Stacks (Lending)

© WERC Library